000 00349nam a2200133Ia 4500
008 220120s9999||||xx |||||||||||||| ||und||
020 _a9780070532465
082 _a510 CHA
100 _aK.S.C
245 0 _aEngineering mathematics - I
260 _aSudha publication
_bNew Delhi
_c2014
300 _aXXXII, 1023p.
_b525
650 _aCOMPUTER SCIENCE
999 _c134319
_d134319